000 00698cam a22002293a 4500
001 1990
003 PGUSA
005 20140828083009.0
008 991201s1999||||xxu|||||s|||||000 1 eng d
040 _aPGUSA
_beng
042 _adc
050 4 _aPR
100 1 _aThackeray, William Makepeace,
_d1811-1863
245 1 4 _aThe Bedford-Row Conspiracy
_h[electronic resource] /
_cWilliam Makepeace Thackeray
260 _bProject Gutenberg,
_c1999
506 _aPublic domain in the USA.
516 _aElectronic text
653 _aEngland -- Social life and customs -- 19th century -- Fiction
830 0 _aProject Gutenberg
_v1990
856 4 0 _uhttp://www.gutenberg.org/ebooks/1990
942 _cEB
999 _c231330
_d231330